| 000 | 00985nam a22002057a 4500 | ||
|---|---|---|---|
| 008 | 170904b xxu||||| |||| 00| 0 eng d | ||
| 020 | _a9789874615497 | ||
| 082 |
_a782.002.68 _bP466m |
||
| 100 |
_aPérsico, Gastón _95964 |
||
| 245 | _aLa música es mi casa | ||
| 260 |
_aBuenos Aires, Argetina _bAkian Gráfica Editora _c2017 |
||
| 300 |
_a104 páginas _c26 centímetros |
||
| 500 | _aCatálogo publicado con motivo a la exposición "La música es mi casa", curada por Mariano Mayer, y presentada del 9 de marzo al 2 de julio de 2017 en Museo de Arte Latinoamericano de Buenos Aires (MALBA). | ||
| 505 | 0 |
_tVolumen 1: La música es mi casa. _tVolumen 2: Featuring _rDavid Lamelas, Lucio Capece, Pablo Schanton, Djs Pareja, Miguel Mitlag, Mariano Mayer, María Salgado, Marina Zuccon e Yves Bonnefoy. |
|
| 653 | 1 | 0 | _aMúsica contemporánea |
| 653 | 1 | 0 | _aCatálogo de exhibición |
| 653 | 1 | 0 | _aMúsica - Argentina |
| 653 | 1 | 0 | _aLibro artísticos |
| 700 |
_aPérsico, Gastón _95966 |
||
| 999 |
_c1276 _d1276 |
||